| 000 | 00595nam a2200217Ia 4500 | ||
|---|---|---|---|
| 003 | OSt | ||
| 005 | 20230630090131.0 | ||
| 008 | 210423s9999 xx 000 0 und d | ||
| 040 | _cAL | ||
| 041 | _aeng | ||
| 082 |
_a361.3 TSAG _223 |
||
| 100 |
_aTSANG (Ka Tatspeaker) _9119330 |
||
| 245 | _aGlobatization and the social work profession | ||
| 260 |
_bAllumni association _aKanpur _c2003 |
||
| 300 |
_a16 _bPB |
||
| 365 | _cINR | ||
| 650 |
_aSocial Problems & Services _9119331 |
||
| 650 |
_aSocial Work _9119332 |
||
| 906 | _aGlobatization ; profession ; social ; work | ||
| 942 |
_2ddc _cBK |
||
| 999 |
_c173745 _d173745 |
||